|
|
|
|
| LEADER |
00000nab a2200000 a 4500 |
| 001 |
vtls011102509 |
| 003 |
SK-MaSNL |
| 005 |
20260303150053.0 |
| 008 |
230222|2011 xo |||||||||||||||||slo| |
| 015 |
|
|
|a SNBRB
|
| 035 |
|
|
|a (uuid)a533012d-0f53-471f-b1de-99247c1139e4
|
| 035 |
|
|
|a (urnnbn)urn:nbn:sk:snk:ar-007ccb
|
| 035 |
|
|
|a urn:nbn:sk:snk-ab98rv
|
| 040 |
|
|
|a SNKBUCL
|b slo
|c SNKBUCL
|e AACR2
|
| 041 |
0 |
|
|a slo
|
| 044 |
|
|
|a xo
|c SK
|
| 100 |
1 |
|
|a Horváth, Miloš,
|d 1981-
|4 aut
|9 52219
|
| 245 |
1 |
0 |
|a Aktuálne vývojové trendy a defekty v slovenskej žurnalistike
|c Miloš Horváth
|
| 773 |
0 |
|
|t Studia Academica Slovaca : prednášky ... letnej školy slovenského jazyka a kultúry
|g Roč. 40, č. 40 (2011), s. 115-124
|
| 954 |
|
|
|a odborná, vedecká literatúra pôvodná (slovenská)
|2 lita
|
| 958 |
|
|
|a OND
|
| 958 |
|
|
|a EUIPO
|
| 958 |
|
|
|a article13
|
| 999 |
|
|
|c 2007485
|d 2009415
|